00618 2200229 4500001002100000005001700021008004100038035002400079082001300103090002000116100001900136245005900155250001100214260003000225300003100255650004000286850001500326980001100341985000600352999001500358999001500373YOGYA-0209000000492620090227020745.0 ind  0010-020900000004926 a001.6424 a001.6424bMar K aMARGUNADI, A.R aKreasi dokumen dengan word perfect 5.1cA.R. Margunadi aCet. 2 aJakartabDinastindoc1992 aviii, 238 hlmbilusc20 cm aWord perfect 5.1 (Program komputer) aYOPDYOG(B) a190505 a2 a94P0050262 a95P0070162